000 00505nam a2200217Ia 4500
005 20250425162651.0
008 250425s9999 xx 000 0 und d
041 _aeng
082 _a551.46
100 _aSVERDRUP, H.
245 0 _aTHE OCEANS
250 _aS.E
260 _aEstados Unidos
_bPRENTICE - HALL, INC.
_c1970
260 _aNEW YORK
300 _a1058
650 _aOCEANOGRAFIA
700 _aFLEMING, WENDELL H.
700 _aJOHNSON, MARTIN W.
942 _c01
010 _a95310
999 _c233969
_d233969